Figures de style - Statistiques

Statistiques générales
  • Ce quiz a été pris 41 fois
  • Le résultat moyen est 2 sur 5
Statistiques - réponses
Question Réponse % Correct
Incarnation d’une idée abstraite, une représentation de cette idée pour la rendre plus concrète et parlante, le long d'un récit.
Exemple : "Maître Corbeau tenait en son bec un fromage [...]" (Jean de La Fontaine, Le Corbeau et le Renard) où le corbeau incarne la vanité.
Allégorie
81%
Figure de style qui consiste à désigner une idée ou une chose en employant un autre mot que celui qui conviendrait.
Exemple : "La vie est un long fleuve tranquille." (titre de film) où "la vie" est désignée par "le long fleuve tranquille".
Métaphore
66%
Construction qui consiste à sous-entendre dans un énoncé un élément exprimé dans un énoncé voisin.
Exemple : "Ils savent compter l’heure et que leur terre est ronde." (Alfred de Musset, Namouna) où le verbe "savoir" est utilisé à la fois dans les constructions verbe + COD et verbe + proposition subordonnée complétive.
Zeugma
31%
Absence de liaison grammaticale entre plusieurs termes ou plusieurs phrases.
Exemple : "Ta tête, ton geste, ton air / Sont beaux comme un beau paysage." (Charles Beaudelaire, À celle qui est trop gaie)
Asyndète
28%
Figure qui consiste à remplacer, en vue d'une expression plus spécifiante ou plus suggestive, un nom propre par un nom commun ou un nom commun par un nom propre.
Exemples : "un Dom Juan" pour parler d'un séducteur, "la Dame de fer" pour parler de la Tour Eiffel.
Antonomase
25%
Aucun quiz correspondant
Distribution des résultats
% des personnes avec chaque résultat
Percentile par nombre de réponses
Votre historique - résultats
Vous n’avez pas pris ce quiz